Länder mit der höchsten Korruption - Statistiken

Allgemein
  • Dieses Quiz wurde 34 mal gespielt
  • Das Durchschnittsergebnis liegt bei 10 aus 20
Antwortstatistiken
Index Land % Korrekt
21,0 Rep. Kongo
93%
16,0 Afghanistan
71%
16,0 Nordkorea
71%
20,0 Sudan
71%
13,0 Syrien
64%
20,0 Tschad
64%
14,0 Venezuela
64%
16,0 Jemen
61%
13,0 Somalia
61%
11,0 Südsudan
61%
17,0 Libyen
54%
22,0 Eritrea
50%
19,0 Burundi
43%
20,0 Haiti
43%
20,0 Nicaragua
39%
19,0 Turkmenistan
29%
21,0 Guinea-Bissau
21%
17,0 Äquatorialguinea
18%
20,0 Komoren
11%
19,0 DR Kongo
7%
Keine übereinstimmenden Quizze gefunden
Verteilung der Resultate
Anzahl Personen mit jedem Resultat
Perzentil nach korrekt beantworteten Fragen
Ihre Resultats-Entwicklung
Sie haben dieses Quiz noch nicht gespielt